Угадай аниме по кадру №7 - Statistics

General Stats
  • This quiz has been taken 8 times
  • The average score is 11 of 20
Answer Stats
Picture Answer % Correct
"Невероятные приключения ДжоДжо" / "JoJo's Bizarre Adventure"
88%
"Дороро" / "Dororo"
63%
"Кайдзи" / "Kaiji"
63%
"Богиня благословляет этот прекрасный мир!" / "KonoSuba: God’s Blessing on This Wonderful World!"
63%
"Принцесса Мононокэ" / "Princess Mononoke"
63%
"Человек-дьявол: Плакса" / "Devilman: Crybaby"
50%
"Инуяся" / "Inuyasha"
50%
"Связь сердец" / "Kokoro Connect"
50%
"Мобильный воин Гандам" / "Mobile Suit Gundam"
50%
"Тетрадь дружбы Нацумэ" / "Natsume's Book of Friends"
50%
"Добро пожаловать в N. H. K." / "Welcome to N. H. K."
50%
"Пластиковые воспоминания" / "Plastic Memories"
50%
"Радиан" / "Radiant"
50%
"Сказание об Арслане" / "The Heroic Legend of Arslan"
50%
"Непутёвый ученик в школе магии" / "The Irregular at Magic High School"
50%
"Аватар короля" / "The King's Avatar"
50%
"Токийское восьмибалльное" / "Tokyo Magnitude 8.0"
50%
"Для тебя, бессмертный" / "To your Eternity"
50%
"Ямада и семь ведьм" / "Yamada and Seven Witches"
50%
"Предсмертный список зомби" / "Zom 100: Bucket List of the Dead"
50%
No matching quizzes found
Score Distribution
Percent of People with Each Score
Percentile by Number Answered
Your Score History
You have not taken this quiz